Gorbačov a rozpad sovětského impéria

Politické zvraty počas pôsobenia M. Gorbačova na čele Sovietskeho zväzu. Porovnanie cieľov Gorbačovovej zahraničnej politiky s cieľami klasickej cárskej zahraničnej politiky. Podkopanie základov multietnického impéria. Mocenská štruktúra štátu podradená hospodárskym reformám. Stroskotanie reformného...

Ausführliche Beschreibung

Gespeichert in:
Bibliographische Detailangaben
1. Verfasser: Grim, Pavel
Format: Buchkapitel
Sprache:Tschechisch
Schlagworte:
Tags: Tag hinzufügen
Keine Tags, Fügen Sie das erste Tag hinzu!

MARC

LEADER 00000naa$a2200000$$$4500
001 0048888
005 20231016092457.2
041 0 |a cze 
044 |a CZ 
245 1 0 |a Gorbačov a rozpad sovětského impéria  |c Pavel Grim 
520 |a Politické zvraty počas pôsobenia M. Gorbačova na čele Sovietskeho zväzu. Porovnanie cieľov Gorbačovovej zahraničnej politiky s cieľami klasickej cárskej zahraničnej politiky. Podkopanie základov multietnického impéria. Mocenská štruktúra štátu podradená hospodárskym reformám. Stroskotanie reformného úsilia Gorbačova. Porovnanie Gorbačovových reforiem s reformným úsilím čínskych komunistov. Puč ruských konzervatívcov v roku 1991 a delegitimizácia Gorbačovovej moci. 
610 2 0 |a politika vnútorná 
610 2 0 |a politika zahraničná 
610 2 0 |a reformy hospodárske 
610 2 0 |a štát 
610 2 0 |a prezidenti 
610 2 0 |a vzťahy medzinárodné 
610 2 0 |a národ 
610 2 0 |a národnosti 
610 2 0 |a ZSSR 
100 1 |a Grim, Pavel